Detalles MARC
| 000 -LÍDER |
| Campo fijo de descripción fija |
02104nam a2200301 i 4500 |
| 001 - NÚMERO DE CONTROL |
| Campo de control |
768714001 |
| 003 - IDENTIFICADOR DEL NÚMERO DE CONTROL |
| Campo de control |
CO-MdFUSB |
| 005 - FECHA Y HORA DE LA ULTIMA TRANSACCIÓN |
| control field |
20220325093342.0 |
| 008 - ELEMENTOS DE LONGITUD FIJA -- INFORMACIÓN GENERAL |
| Campo fijo de descripción fija -- Información general |
220210t2003 -us||||| |||| 001 0 spa d |
| 020 ## - NÚMERO INTERNACIONAL NORMALIZADO PARA LIBROS |
| Número Internacional Normalizado del libro |
9781932747102 |
| 040 ## - FUENTE DE CATALOGACIÓN |
| Agencia de catalogación original |
CO-MdFUSB |
| Idioma de catalogación |
spa |
| Agencia que realiza la transcripción |
CO-MdFUSB |
| Agencia que realiza la modificación |
CO-MdFUSBC |
| Convenciones de la descripción |
rda |
| 041 ## - CÓDIGO DE IDIOMA |
| Código de idioma para texto/pista de sonido o título separado |
spa |
| Código de idioma original |
eng |
| 082 ## - NÚMERO DE CLASIFICACIÓN DECIMAL DEWEY |
| Número de la edición del Dewey |
23 |
| Número de clasificación |
261.561 |
| Clave de autor-Numero de item |
ST849 |
| 100 ## - ASIENTO PRINCIPAL--NOMBRE PERSONAL |
| Nombre personal |
Stewart, David, |
| Término relacionador |
autor |
| 245 ## - TÍTULO |
| Título del Material |
Aceites curativos de la Biblia |
| Mención de responsabilidad, etc. |
/ David Stewart |
| 264 #1 - PRODUCCIÓN, PUBLICACIÓN, DISTRIBUCIÓN, MANUFACTURA, Y COPYRIGHT |
| Lugar de producción, publicación, distribución, manufactura |
Florida, Estados Unidos : |
| Nombre del productor, publicador, distribuidor |
Care Publications, |
| Fecha de producción, publicación, distribución, manufactura, o copyright |
[2003] |
| 264 #4 - PRODUCCIÓN, PUBLICACIÓN, DISTRIBUCIÓN, MANUFACTURA, Y COPYRIGHT |
| Fecha de producción, publicación, distribución, manufactura, o copyright |
© 2003 |
| 300 ## - DESCRIPCIÓN FÍSICA |
| Extensión |
390 páginas |
| Dimensiones |
; 23 cm |
| 336 ## - TIPO DE CONTENIDO |
| Fuente |
rdacontent |
| Término de tipo de contenido |
texto |
| Código de tipo de contenido |
txt |
| 337 ## - TIPO DE MEDIO |
| Fuente |
rdamedia |
| Nombre del tipo de medio |
sin mediación |
| Código del tipo de medio |
n |
| 338 ## - TIPO DE SOPORTE |
| Fuente |
rdacarrier |
| Nombre del tipo de soporte |
volumen |
| Código Tipo de soporte |
nc |
| 505 ## - NOTA DE CONTENIDO |
| Nota de contenido con formato preestablecido |
Introducción: curación en contrate con la práctica de la medicina. -- cap. 1. Dios: el primer aromaterapeuta. -- cap. 2. Cómo y por qué pueden curar los aceites. -- cap. 3. La medicina atea y el sacerdocio de la curación. -- cap. 4. El significado bíblico de la unción. -- cap. 5. ¿Cuántas referencias a los aceites hay en la biblia? -- cap. 6. Aceites de la alegría. -- cap. 7. El bálsamo de Galaad. -- cap. 8. Rosas de Tierra Santa. cap. 9. Los cedros de Líbano. -- cap. 10. Mira: el aceite más popular de la Biblia. -- cap. 11. Oliva: el otro aceite curativo de la Biblia. -- cap. 12. La extracción de esencias en tiempos bíblicos. -- cap. 13. Aceites que curan vs. aceites que no curan. -- cap. 14. Un programa de aceites de la Biblia para usted. -- Apéndice A. Catálogo de aceites bíblicos -- Apéndice B. Catálogo de menciones de aceites esenciales y plantas aromáticas en los textos apócrifos. -- Apéndice C. Aceites de tiempos bíblicos que no se mencionan en la biblia. -- Apéndice D. El aceite de oliva y otros aceites grasos. -- Apéndice E. El séptimo cielo. |
| 520 1# - NOTA DE RESUMEN, ETC. |
| Nota de sumario, etc. |
Este libro revelador ofrece conocimiento de Jesús y sus discípulos ponían en práctica cuando ungís y curaban a la gente con aceites terapéuticos activos. |
| 650 #0 - ASIENTO SECUNDARIO DE MATERIA - TERMINO TEMÁTICO |
| 9 (RLIN) |
19 |
| Término temático o nombre geográfico como elemento de entrada |
Vida cristiana |
| 653 ## - TÉRMINO DE INDIZACIÓN - NO CONTROLADO |
| Término no controlado |
Religión -- Medicina alternativa. |
| 942 ## - TIPO DE MATERIAL (KOHA) |
| Tipo de Item KOHA |
Libros General |
| 945 ## - INFORMACIÓN LOCAL DEL REGISTRO |
| Catalogador |
Dani |